00261nam a2200097Ia 4500008004100000020001800041082001900059100002400078245005300102300000800155210430s9999 xx 000 0 und d a969-8893-00-8 aM2141S 595.726 aSyed Khalid Mahmood aSpotlight on World Cup 2003cSyed Khalid Mahmood a186